Tulunadavaru (Record no. 140447)

MARC details
000 -LEADER
fixed length control field 05447nam a2200349Ia 4500
003 - CONTROL NUMBER IDENTIFIER
control field OSt
005 - DATE AND TIME OF LATEST TRANSACTION
control field 20251204103002.0
008 - FIXED-LENGTH DATA ELEMENTS--GENERAL INFORMATION
fixed length control field 210210b2009 xxu||||| |||| 00| 0 eng d
040 ## - CATALOGING SOURCE
Transcribing agency AL
041 ## - LANGUAGE CODE
Language code of text/sound track or separate title Kannada
082 ## - DEWEY DECIMAL CLASSIFICATION NUMBER
Classification number 305.895487K SACT
100 ## - MAIN ENTRY--PERSONAL NAME
Personal name SACHCHIDANANDA HEGDE (B)
9 (RLIN) 247529
Dates associated with a name ಸಚ್ಚಿದಾನಂದ ಹೆಗ್ಡೆ
245 ## - TITLE STATEMENT
Title Tulunadavaru
Remainder of title ತುಳುನಾಡವರು
260 ## - PUBLICATION, DISTRIBUTION, ETC.
Place of publication, distribution, etc. Kinnigoli
Name of publisher, distributor, etc. Yugapurusha Prakatanalaya
Date of publication, distribution, etc. 2009
300 ## - PHYSICAL DESCRIPTION
Extent xvi,284,xxiv
520 ## - SUMMARY, ETC.
Summary, etc. ತುಳುನಾಡವರು : (ಬಂಟ ನಾಡವರ ಮೂಲದ ಸಿದ್ದಾಂತಗಳ ವಿಶ್ಲೇಷಣೆ ಹಾಗೂ ಇತಿಹಾಸದ ಪುಟಗಳಲ್ಲಿ ಬಂಟ ನಾಡವರಿ ಗಾಗಿ ಹುಡುಗಾಟ)<br/>ಮುನ್ನುಡಿ:<br/>ಮಾನವ ತಾನು ಬಂದ ಹಾದಿಯ ಬಗ್ಗೆ ಪುರಾತನ ಕಾಲದಿಂದಲೂ ಆಸಕ್ತಿ, ಕುತೂಹಲಗಳನ್ನು ವ್ಯಕ್ತಪಡಿಸುತ್ತಾ ಬಂದಿದ್ದಾನೆ. ಹಿಂದೂ ಜನಾಂಗದ ಚೌಕಟ್ಟಿನಲ್ಲಿ ಹಲವಾರು ಜಾತಿ, ಉಪಜಾತಿ, ಪಂಗಡಗಳಿದ್ದರೂ ಅವು ಹುಟ್ಟಿಕೊಂಡದ್ದು ಹೇಗೆ? ಈ ಸಮೂಹಗಳ ತಾಯಿ ಬೇರು ಯಾವುದು? ವಿಭಿನ್ನ ರೀತಿಯ ಭಾಷೆ, ಸಂಸ್ಕೃತಿ, ಜೀವನ ಪರಿ ಹೇಗೆ ವಿಕಸನಗೊಂಡವು? ಎಂಬಿತ್ಯಾದಿ ಪ್ರಶ್ನೆಗಳಿಗೆಲ್ಲ ಸಮರ್ಪಕವಾದ, ಆಧಾರ ಸಹಿತ ಉತ್ತರಗಳನ್ನು ಅರಸುವುದು ಕಷ್ಟಕರ. ಇಂದಿನ ಪ್ರಗತಿಪರ ಯುಗದಲ್ಲಿ ಸಂಶೋಧನೆಯ ನೆಲೆಯಲ್ಲಿ ಅನೇಕ ವಿಷಯಗಳನ್ನು ನಾವು ಮನವರಿಕೆ ಮಾಡಿಕೊಂಡಿ ದ್ದರೂ, ನಮಗರಿವಿಲ್ಲದ ಸಂಗತಿಗಳು ಬೇಕಾದಷ್ಟಿವೆ. ಉದಾಹರಣೆಗೆ - ಒಂದೊಂದು ಊರಿಗೆ ಒಂದೊಂದು ಹೆಸರಿದೆ. ಆ ಹೆಸರು ಹೇಗೆ ಬಂದಿತು? ಎಂದು ಪ್ರಶ್ನಿಸಿದಲ್ಲಿ ಪುರಾವೆಗಳ ಸಹಿತ ಸಮರ್ಪಕವಾದ ಉತ್ತರ ಲಭಿಸುವುದು ವಿರಳ.<br/><br/>ತುಳುನಾಡಿನಲ್ಲಿ ಬಂಟ, ಬಿಲ್ಲವ, ಮೊಗವೀರ, ಶೇರಿಗಾರ ಎಂಬಿತ್ಯಾದಿ ಹಲವು ಜಾತಿಗಳಿವೆ. ಇಲ್ಲಿನ ಸಾಮೂಹಿಕ ಸಾಮಾಜಿಕ ವ್ಯವಸ್ಥೆಯಲ್ಲಿ ಬಂಟ/ನಾಡವರಿಗೊಂದು ವಿಶಿಷ್ಟ ಅಸ್ತಿತ್ವವಿದೆ. ಆದರೆ ಇಂತಹ ಸ್ಥಾನಮಾನ ಇವರಿಗೆ ಹೇಗೆ ಲಭಿಸಿತು? ಇವರು ಯಾರು? ಇವರ ಮೂಲ ಯಾವುದು? ಬಂಟರ ಪೂರ್ವಜರು ಸ್ಥಳೀಯರೋ ಅಥವಾ ವಲಸೆಗಾರರಾಗಿ ಕರ್ನಾಟಕದಲ್ಲಿ ಬಂದು ನೆಲೆಸಿದವರೋ? ಇವರಿಗೆ ನಿಕಟ ಸಂಬಂಧವಿರುವ ಇತರ ಪಂಗಡಗಳಾವುವು? ಎಂಬ ವಿಷಯಗಳ ಬಗ್ಗೆ ಸ್ಪಷ್ಟ ಉತ್ತರ ಯಾರಲ್ಲೂ ಇಲ್ಲ. ಇದನ್ನು ತಿಳಿಯಲು ಇತ್ತೀಚೆಗೆ ಕೆಲವು ಪ್ರಯತ್ನಗಳು ನಡೆದಿವೆ. ಪುರಾಣಕಥೆಗಳು, ಜಾನಪದ ಸಾಹಿತ್ಯ, ಚಾರಿತ್ರಿಕ ಅಧ್ಯಯನಗಳು, ಶಾಸನಗಳು ಇವೆಲ್ಲವೂ ಬಂಟ/ ನಾಡವರ ಮೂಲದ ಬಗ್ಗೆ ನಿರ್ದಿಷ್ಟ ಸಿದ್ಧಾಂತವನ್ನು ಈವರೆಗೆ ಮಂಡಿಸಿಲ್ಲ.<br/>
521 ## - TARGET AUDIENCE NOTE
Target audience note ವಿಷಯಸೂಚಿ<br/>* ಪ್ರಕಾಶಕರ ಮಾತು<br/>* ಮುನ್ನುಡಿ<br/>* ಪ್ರಸ್ತಾವನೆ<br/>೧. ಬಂಟ/ನಾಡವ - ಒಕ್ಕಲಿಗರು<br/>೨. ಐತಿಹ್ಯಗಳಲ್ಲಿ ತುಳುನಾಡವರು<br/>೩. ತುಳುನಾಡ ಆರಸರು<br/>೪. ಪ್ರಾಚೀನ ಬುಡಕಟ್ಟು ಸಮುದಾಯಕ್ಕೆ ಸೇರಿದವರು<br/>೫. ಪ್ರಾಚೀನ ಕನ್ನಡಿಗ ಅರಸು ಮನೆತನದವರು<br/>೬. ಬಳಿಗಳು ಮತ್ತು ಕೊರಪುನಾಮಗಳು<br/>೭. 'ಸಾಲ್ಯಣ್ಣಾಯ' ಬಳಿ<br/>೮. ಕೋಶರ ಮೂಲ<br/>೯. ಬಂಟ/ನಾಡವರು ಕ್ಷತ್ರಿಯರೇ?<br/>20. w ಬ್ರಾಹ್ಮಣ ಸಂಬಂಧ<br/>೧೧. ಜೈನ ಕೆಟ್ಟು ಬಂಟನಾದನೇ?<br/>೧೨. ಬೌದ್ಧ ಧರ್ಮದ ನೆರಳು<br/>೧೩. ವಿದೇಶಿ ಮೂಲದ ಸಿದ್ಧಾಂತಗಳು<br/>* ಉಪಸಂಹಾರ<br/>* ಆಧಾರ ಗ್ರಂಥಗಳು<br/>* ಉಲ್ಲೇಖಿತ ಬರಹಗಳು<br/>* ಶಾಸನಾಧಾರಗಳು
650 ## - SUBJECT ADDED ENTRY--TOPICAL TERM
Topical term or geographic name entry element vishleshane
9 (RLIN) 247530
650 ## - SUBJECT ADDED ENTRY--TOPICAL TERM
Topical term or geographic name entry element Tulunadavaru
9 (RLIN) 247531
650 ## - SUBJECT ADDED ENTRY--TOPICAL TERM
Topical term or geographic name entry element siddhantagala
9 (RLIN) 247532
650 ## - SUBJECT ADDED ENTRY--TOPICAL TERM
Topical term or geographic name entry element putagalolage
9 (RLIN) 247533
650 ## - SUBJECT ADDED ENTRY--TOPICAL TERM
Topical term or geographic name entry element nadavarigagi
9 (RLIN) 247534
650 ## - SUBJECT ADDED ENTRY--TOPICAL TERM
Topical term or geographic name entry element nadavara
9 (RLIN) 247535
650 ## - SUBJECT ADDED ENTRY--TOPICAL TERM
Topical term or geographic name entry element mulada
9 (RLIN) 247536
650 ## - SUBJECT ADDED ENTRY--TOPICAL TERM
Topical term or geographic name entry element itihasada
9 (RLIN) 247537
650 ## - SUBJECT ADDED ENTRY--TOPICAL TERM
Topical term or geographic name entry element hudukata
9 (RLIN) 247538
650 ## - SUBJECT ADDED ENTRY--TOPICAL TERM
Topical term or geographic name entry element hagu
9 (RLIN) 247539
650 ## - SUBJECT ADDED ENTRY--TOPICAL TERM
Topical term or geographic name entry element banta
9 (RLIN) 247540
690 ## - LOCAL SUBJECT ADDED ENTRY--TOPICAL TERM (OCLC, RLIN)
Topical term or geographic name as entry element Social Groups
9 (RLIN) 247541
906 ## - LOCAL DATA ELEMENT F, LDF (RLIN)
a 064203
942 ## - ADDED ENTRY ELEMENTS (KOHA)
Source of classification or shelving scheme Dewey Decimal Classification
Koha item type Book
Holdings
Withdrawn status Lost status Source of classification or shelving scheme Damaged status Not for loan Collection code Home library Current library Shelving location Date acquired Source of acquisition Cost, normal purchase price Total Checkouts Full call number Barcode Date last seen Price effective from Koha item type
    Dewey Decimal Classification     Sociology St Aloysius Library St Aloysius Library   02/17/2021 Athree Book Centre Balmatta, Mangalore-01 200.00   305.895487K SACT 064203 02/17/2021 02/17/2021 Book